| 000 | 00436pab a2200169 454500 | ||
|---|---|---|---|
| 008 | 180718b1997 xxu||||| |||| 00| 0 eng d | ||
| 100 | _aGuha Roy, Jaytilak | ||
| 245 | _aDo's and don'ts for police in crime investigation | ||
| 260 | _c1997 | ||
| 300 | _ap.28 | ||
| 362 | _aOct-Dec | ||
| 650 | _aPolice - India | ||
| 650 | _aCrime - India | ||
| 650 | _aPolice | ||
| 773 | _aPolice Research and Development Journal | ||
| 909 | _a37220 | ||
| 999 |
_c37220 _d37220 |
||